Loading...
| Current Events | 4 | 15.00 | 100% | 25% | 25% |
| Fine Arts - Classical Music | 7 | 12.86 | 86% | 29% | 14% |
| Fine Arts - Other | 6 | 11.67 | 100% | 17% | 0% |
| Geography | 2 | 20.00 | 100% | 50% | 50% |
| History - American | 6 | 18.33 | 100% | 67% | 17% |
| History - European | 5 | 24.00 | 100% | 80% | 60% |
| History - Other | 5 | 22.00 | 100% | 80% | 40% |
| History - World | 5 | 20.00 | 100% | 80% | 20% |
| Literature - American | 6 | 16.67 | 100% | 50% | 17% |
| Literature - British | 5 | 16.00 | 100% | 60% | 0% |
| Literature - European | 7 | 24.29 | 100% | 100% | 43% |
| Literature - World | 6 | 16.67 | 100% | 50% | 17% |
| Mythology | 7 | 25.71 | 100% | 86% | 71% |
| Painting/Sculpture | 7 | 18.57 | 100% | 71% | 14% |
| Philosophy | 6 | 25.00 | 100% | 100% | 50% |
| Pop Culture | 2 | 25.00 | 100% | 100% | 50% |
| Religion | 5 | 22.00 | 100% | 80% | 40% |
| Science - Biology | 9 | 18.89 | 100% | 67% | 22% |
| Science - Chemistry | 9 | 18.89 | 100% | 78% | 11% |
| Science - Other | 5 | 14.00 | 100% | 40% | 0% |
| Science - Physics | 6 | 15.00 | 83% | 50% | 17% |
| Social Science | 4 | 20.00 | 100% | 75% | 25% |